| 000 | 00727pam a2200241 a 4500 | ||
|---|---|---|---|
| 001 | 2503290 | ||
| 005 | 20180118043744.0 | ||
| 008 | 920224s1993 flua b 001 0 eng c | ||
| 010 | _a 92009241 | ||
| 020 | _a0849360129 (acidfree paper) | ||
| 040 |
_aNDLM/CDLC _cDLC _dDLC |
||
| 041 | _aeng | ||
| 060 | _aQS 531 E38 | ||
| 080 | _a611..0181 OGA | ||
| 082 | 0 | 0 |
_a611..0181 OGA _220 |
| 100 | _a5 | ||
| 101 | _aBIO | ||
| 245 | 0 | 0 |
_aElectron microscopic cytochemistry and immunocytochemistry in biomedicine / _cedited by Kazuo Ogawa, Tibor Barka. |
| 504 | _aIncludes bibliographical references and index. | ||
| 906 |
_a7 _bcbc _corignew _d1 _eocip _f19 _gy-gencatlg |
||
| 942 |
_2ddc _cBK |
||
| 999 |
_c40442 _d40442 |
||